| 000 | 00558nam a2200193Ia 4500 | ||
|---|---|---|---|
| 003 | IN-BaIIA | ||
| 008 | 211028s9999 xx 000 0 eng d | ||
| 040 | _cIIA Library | ||
| 080 |
_a551.5 _bDAL |
||
| 100 |
_aDalton, John _9436 |
||
| 245 | 0 |
_aMeteorological observations and essays _cJohn Dalton |
|
| 260 |
_aLondon _bPrinted for W. Richardson, J. Phillips, and W. Pennington _c1793 |
||
| 300 | _axvi, 208p. | ||
| 650 | _aAstronomy and Astrophysics Thesaurus | ||
| 650 | _aClimatology | ||
| 650 | _aEarth Atmosphere | ||
| 650 | _aMeteorology | ||
| 942 | _cBK | ||
| 999 |
_c222 _d222 |
||